• 首页
  • 本馆介绍
  • 公告通知
  • 最新文献
  • 馆藏检索
  • 电子资源
  • 读者导购
  • 参考咨询
  • 我的图书馆
  • 登录
  • 详细信息显示
  • 放入我的书架
  • 预约/预借图书
  • 作者相关作品
  • 分类相关作品
  • 丛书相关作品
  • 出版社相关作品

书目信息

  • 表格格式
  • 工作单格式
  • 卡片格式
题名:
罗西尼艺术歌曲选
    
 
作者: 贾涛 译配
分册:  
出版信息: 北京   中央音乐学院出版社  2008.04
页数: 145页
开本: 30cm
丛书名: 意大利歌剧大师艺术歌曲系列
单 册:
中图分类: J832(546)
科图分类:
主题词: 歌剧--意大利--选集
电子资源:
ISBN: 978-7-81096-223-0
000 00816oam2 2200253 450
001 012004244014
005 20091230085444.04
010    @a978-7-81096-223-0@dCNY26.00
100    @a20080523d2008 em y0chiy0110 ea
101 1  @achi@cita
102    @aCN@b110000
105    @ag z 000yy
106    @ar
200 1  @a罗西尼艺术歌曲选@9luo xi ni yi shu ge qu xuan@f贾涛译配
210    @a北京@c中央音乐学院出版社@d2008.04
215    @a145页@d30cm
225 2  @a意大利歌剧大师艺术歌曲系列
330    @a本书收录了罗西尼歌曲作品中《音乐晚会》中的8首独唱曲和另一首著名的带有西班牙风味的《阿拉贡舞歌》。
461  0 @12001 @a意大利歌剧大师艺术歌曲系列
606 0  @a歌剧@y意大利@j选集
690    @aJ832(546)@v4
701  0 @a贾涛@9jia tao@4译配
801  0 @aCN@bNLC@c20091230
905    @b20798765-69@dJ832(546)@e113@f5
    
    罗西尼艺术歌曲选/贾涛译配.-北京:中央音乐学院出版社,2008.04
    145页;30cm.-(意大利歌剧大师艺术歌曲系列)
    
    
    ISBN 978-7-81096-223-0:CNY26.00
    本书收录了罗西尼歌曲作品中《音乐晚会》中的8首独唱曲和另一首著名的带有西班牙风味的《阿拉贡舞歌》。
●
相关链接 在E读中查询图书 在五车中查询图书 在当当中查询图书 在豆瓣中查询图书


正题名:罗西尼艺术歌曲选     索取号:J832(546)/113         预约/预借

序号 登录号 条形码 馆藏地/架位号 状态 备注
1 798765   207987650   第一样本阅览室/ [索取号:J832(546)/113] 在馆    
2 798766   207987669   第一借阅区/ [索取号:J832(546)/113] 在馆    
3 798767   207987678   第一借阅区/ [索取号:J832(546)/113] 在馆    
4 798768   207987687   第一借阅区/ [索取号:J832(546)/113] 在馆    
5 798769   207987696   第一借阅区/ [索取号:J832(546)/113] 在馆    
唐山师范学院图书馆 欢迎您!
大连网信软件有限公司© 版权所有